000 00378 a2200157 4500
001 24357
020 _a9788501027108
040 _cAnchieta - São Paulo/Itaigara
100 _aAndrade, Carlos Drummond de.
240 1 0 _aHistórias de dois amores
_lpor
245 1 0 _aHistórias de dois amores
300 _a
362 0 _a2007
650 4 _aLiteratura infantil
942 _cBK
999 _c24357
_d24357